| 000 | 01080 a2200241 4500 | ||
|---|---|---|---|
| 001 | 37587 | ||
| 005 | 20260407155643.0 | ||
| 008 | 260407a2004 arg spa d | ||
| 003 | AR-UNSa-BCEJYS | ||
| 040 |
_aAR-UNSa-BCEJYS _bspa _cAR-UNSa-BCEJYS |
||
| 080 |
_a51-7 _xEstudios y métodos matemáticos en otros campos del conocimiento. Matemáticas científicas. Matemáticas actuariales (Matemáticas Financieras) |
||
| 245 | 1 | 0 |
_aCálculo financiero _pejercicios, resultados con explicación |
| 020 | _a987-9164-94-6 | ||
| 264 | 1 |
_aBuenos Aires : _bTemas Grupo Editorial _c2004 |
|
| 300 |
_avii, 358 p. _c23 cm. |
||
| 505 | _a1. Tasas - 2. Leyes financieras; 3. Leyes financieras; 4. Operaciones con divisasa; 5. Rentas; 6. Evaluación de proyectos; 7. Evaluación de proyectos; 8. Bonos; 9. La curva de rendimiento | ||
| 041 | _aspa | ||
| 942 | _cBK | ||
| 590 | _aniveau_biblio:m niveau_hierar:0 | ||
| 100 | 1 | _aRosiello, Juan Carlos | |
| 700 | 1 | _aCiuffo, Néstor Carlos | |
| 856 | 4 | 1 |
_uhttps://biblioeco.unsa.edu.ar/pmb/images/libros/L125647.jpg _yImagen de portada _qimage/jpeg |
| 999 |
_c2768 _d2768 |
||